000 004240000a22001690004500
003 MACL
005 20151028104029.0
008 151028b xxu||||| |||| 00| 0 eng d
040 _aMACL
_cMACL
041 _aEnglish
082 _a741.642/DUT
100 _aDutta, Soma
_910711
245 _aPanchatantra in Rhymes
260 _aKokata
_bManjulika
_cNov, 2009
650 _aChildren Book
_9924
942 _cBK
_k741.642/DUT
_2ddc
999 _c44495
_d44495